000 00700nam a22002057a 4500
003 NUST-PNEC
005 20170116180733.0
008 141119b xxu||||| |||| 00| 0 eng d
020 _a9971513099
040 _cPNEC
082 _a005.1 PET
100 _91004
_aPeters James F
245 _aSoftware engineering an engineering approach
_cJames F Peters; Witold Pedrycz
260 _aNew York:
_bJohn Witold Pedrycz,
_cc2004.
300 _axviii, 702 p.
_bill. :
_c24 cm.
500 _aIncludes index.
650 _xMIS, Computer
856 _uhttp://www.amazon.com/Software-Engineering-James-F-Peters/dp/9971513099/ref=sr_1_1?ie=UTF8&qid=1416377695&sr=8-1&keywords=9971513099
942 _2ddc
_cBK
999 _c61841
_d61841